00650nam a2200193Ii 4500020001800000020001500018040000800033082002600041245005200067246004600119246004200165300004400207650003100251650001700282650002800299700002200327710004600349710006100395 a9789251087138 a925108713X cDJB a807 FOO 2014 A096 Or.00aPAAT Programme Against African Trypanosomiasis.3 aProgramme Against African Trypanosomiasis30aTsetse and trypanosomosis information avi, 123 pages :billustrations ;c22 cm 0aTrypanosomiasis in animals 0aTsetse-flies 0aVeterinary protozoology1 aDargie, James D.,2 aProgramme Against African Trypanosomosis.2 aFood and Agriculture Organization of the United Nations.